Guess the NBA Team by picture - Statistics

General Stats
  • This quiz has been taken 65 times
  • The average score is 14 of 16
Answer Stats
Picture Answer % Correct
Houston Rockets
96%
Memphis Grizzlies
96%
Minnesota Timberwolves
95%
Boston Celtics
93%
Milwaukee Bucks
93%
Oklahoma City Thunder
93%
Washington Wizards
93%
Atlanta Hawks
91%
Chicago Bulls
89%
Denver Nuggets
88%
Miami Heat
88%
Charlotte Hornets
86%
Toronto Raptors
81%
Dallas Mavericks
77%
Indiana Pacers
61%
Cleveland Cavaliers
39%
No matching quizzes found
Score Distribution
Percent of People with Each Score
Percentile by Number Answered
Your Score History
You have not taken this quiz